[Event "SVK-chT2A 2122"]
[Site "Slovakia"]
[Date "2022.05.01"]
[Round "11.6"]
[White "Matis, Tibor"]
[Black "Fialka, Lukas"]
[Result "1-0"]
[WhiteElo "1888"]
[BlackElo "1541"]
[PlyCount "94"]
[EventDate "2021.10.16"]
[EventType "team-tourn"]
[EventRounds "11"]
[EventCountry "SVK"]
[SourceTitle "EXT 2023"]
[Source "ChessBase"]
[SourceDate "2022.10.05"]
[SourceVersion "1"]
[SourceVersionDate "2022.10.05"]
[SourceQuality "1"]
[WhiteTeam "Dunajska Streda II"]
[BlackTeam "Osuske II"]
[WhiteTeamCountry "SVK"]
[BlackTeamCountry "SVK"]

1. e4 c6 2. d4 d5 3. Nc3 dxe4 4. Nxe4 Bf5 5. Ng3 Bg6 6. Nf3 e6 7. Bd3 Bd6 8. Bg5 Nf6 9. Qd2 Bxd3 10. Qxd3 Nbd7 11. 0-0 Qc7 12. c4 0-0 13. Rad1 Rac8 14. Rfe1 c5 15. Ne4 Be7 16. Nxc5 Nxc5 17. dxc5 Qxc5 18. b3 Rfd8 19. Qe2 Qc7 20. Nd4 a6 21. g3 h6 22. Bf4 Qb6 23. Nc2 Qc6 24. Rxd8+ Rxd8 25. Rd1 Rxd1+ 26. Qxd1 Qd7 27. Qxd7 Nxd7 28. Kf1 a5 29. Bc7 b6 30. Nd4 Bc5 31. Nb5 f5 32. Nc3 Kf7 33. Ke2 g5 34. h3 h5 35. f3 Kg6 36. g4 hxg4 37. hxg4 fxg4 38. fxg4 Bd4 39. Ne4 Ne5 40. Bxe5 Bxe5 41. Kd3 Bg7 42. c5 bxc5 43. Nxc5 Kf6 44. Ne4+ Kg6 45. Kc4 Bf8 46. Kb5 Bb4 47. a3 Bxa3 1-0

[Event "SVK-chT4 A21 2122"]
[Site "Slovakia"]
[Date "2022.02.20"]
[Round "9.4"]
[White "Lanza, Matej"]
[Black "Fialka, Lukas"]
[Result "1-0"]
[WhiteElo "1163"]
[BlackElo "1529"]
[PlyCount "75"]
[EventDate "2021.10.17"]
[EventType "team-tourn"]
[EventRounds "11"]
[EventCountry "SVK"]
[SourceTitle "EXT 2023"]
[Source "ChessBase"]
[SourceDate "2022.10.05"]
[SourceVersion "1"]
[SourceVersionDate "2022.10.05"]
[SourceQuality "1"]
[WhiteTeam "Gbely Nafta II"]
[BlackTeam "Brezova pod Bradlom"]
[WhiteTeamCountry "SVK"]
[BlackTeamCountry "SVK"]

1. d4 e6 2. Nf3 Nf6 3. Nc3 d5 4. Bf4 c5 5. Nb5 Qa5+ 6. Nc3 Nc6 7. Qd2 c4 8. e3 Bb4 9. Qd1 Ne4 10. Nd2 Nxc3 11. bxc3 Bxc3 12. Rb1 Qxa2 13. Be2 Qa5 14. e4 Nxd4 15. 0-0 0-0 16. e5 b5 17. Nf3 Nxf3+ 18. Bxf3 b4 19. Bd2 Bxd2 20. Qxd2 Rb8 21. Ra1 Qc5 22. Qe3 Qxe3 23. fxe3 Rb7 24. Rfb1 Bd7 25. Bd1 Ra8 26. Ra5 f6 27. exf6 gxf6 28. Kf2 Kf8 29. Bf3 Ke7 30. e4 Bc6 31. exd5 Bxd5 32. Bxd5 exd5 33. Rxd5 Rd8 34. Re1+ Kf7 35. Rxd8 b3 36. cxb3 cxb3 37. Rb1 Ke7 38. Rd3 1-0